| 000 | 00722nam a22002057a 4500 | ||
|---|---|---|---|
| 003 | BUBTL | ||
| 008 | 230403b ||||| |||| 00| 0 eng d | ||
| 020 | _a9789848792346 | ||
| 082 | _a346/ Ah511s/ 2013 | ||
| 100 |
_95285 _aAhmad, Advocate Mohammad Mohiuddin |
||
| 245 |
_aThe State Acquisition & Tenancy Act, 1950 : (the land reforms ordinance, 1984) / _bAdvocate Mohammad Mohiuddin Ahmad, Md. Shafiqul Islam |
||
| 250 | _a5th edn. | ||
| 260 |
_aDhaka _bShams Publications _cc2013 |
||
| 300 |
_a250p. : _b21 cm. |
||
| 650 | 0 |
_926 _aLaw |
|
| 700 |
_95286 _aAdvocate Mohammad Mohiuddin Ahmad, Md. Shafiqul Islam |
||
| 856 |
_k0 _l0 _yDownload |
||
| 942 |
_2ddc _cBK |
||
| 999 |
_c7018 _d7018 |
||